00282nam a2200109 a 4500001000500000005001700005008004100022050001700063245001900080260004300099440003000142413620140414131927.0090217s19uu xx 00 eng d aERbP96 1998 aPuss in boots. aLeicestershire, UK :bLadybird,c1998. aRead it yourself, level 3